| 000 | 00568nam a2200181Ia 4500 | ||
|---|---|---|---|
| 005 | 20250423101405.0 | ||
| 008 | 250422s9999 xx 000 0 und d | ||
| 020 | _a9781032473628 | ||
| 050 | _aJK 421 .A37/ | ||
| 100 | _aAgranoff, Robert | ||
| 245 | 4 | _aThe politics of collaborative public management | |
| 260 | _aNew York, NY | ||
| 260 | _bTaylor & Francis | ||
| 260 | _c2024 | ||
| 300 | _a302 p | ||
| 650 | _a Public administration--United States. Intergovernmental cooperation--United States. Public-private sector cooperation--United States. | ||
| 942 | _cBK | ||
| 999 |
_c36171 _d36171 |
||